The last days of America

Uloženo v:
Podrobná bibliografie
Hlavní autor: Erdman, Paul
Médium: Kniha
Jazyk:Undetermined
Vydáno: Boston G.K. Hall 1981
Témata:
Tagy: Přidat tag
Žádné tagy, Buďte první, kdo otaguje tento záznam!
Thư viện lưu trữ: Trung tâm Học liệu Trường Đại học Cần Thơ
LEADER 00458nam a2200181Ia 4500
001 CTU_82189
008 210402s9999 xx 000 0 und d
082 |a 813.54 
082 |b E66 
100 |a Erdman, Paul 
245 4 |a The last days of America 
245 0 |c Paul Erdman 
260 |a Boston 
260 |b G.K. Hall 
260 |c 1981 
650 |a Large type books 
904 |i Trọng Hải 
980 |a Trung tâm Học liệu Trường Đại học Cần Thơ